Aportes de la discusión: elementos metodológicos a tomar en cuenta para la investigación académica de la explotación sexual comercial desde una perspectiva de género /
Gespeichert in:
| 1. Verfasser: | |
|---|---|
| Format: | Text |
| Schlagworte: | |
| Tags: |
Tag hinzufügen
Keine Tags, Fügen Sie den ersten Tag hinzu!
|
MARC
| LEADER | 00000 a a2200000 04500 | ||
|---|---|---|---|
| 001 | 2193 | ||
| 003 | |||
| 040 | |||
| 100 | |a Sánchez, Jessica Mariela | ||
| 245 | |a Aportes de la discusión: |b elementos metodológicos a tomar en cuenta para la investigación académica de la explotación sexual comercial desde una perspectiva de género / |c Jessica Mariela Sánchez | ||
| 650 | |a EXPLOTACION SEXUAL COMERCIAL | ||
| 650 | |a ANALISIS DE GENERO | ||
| 650 | |a INVESTIGACION SOCIAL | ||
| 650 | |a METODOLOGIA | ||
| 650 | |a HONDURAS | ||
| 773 | |g número 4; páginas 37-40 | ||
| 999 | |c 31837 |d 31837 | ||
